
Library Catalogue

| 000 -LEADER | |
|---|---|
| fixed length control field | 01815nam a2200217Ia 4500 |
| 003 - CONTROL NUMBER IDENTIFIER | |
| control field | OSt |
| 005 - DATE AND TIME OF LATEST TRANSACTION | |
| control field | 20210407110436.0 |
| 008 - FIXED-LENGTH DATA ELEMENTS--GENERAL INFORMATION | |
| fixed length control field | 160316s2014 xxu||||| |||| 00| 0 eng d |
| 040 ## - CATALOGING SOURCE | |
| Transcribing agency | nls |
| 082 ## - DEWEY DECIMAL CLASSIFICATION NUMBER | |
| Classification number | 340.092000 |
| Item number | JHA |
| 100 ## - MAIN ENTRY--PERSONAL NAME | |
| Personal name | Jha Shiva Kant |
| 245 ## - TITLE STATEMENT | |
| Title | On the loom of time : Portrait of my life and times |
| 250 ## - EDITION STATEMENT | |
| Edition statement | 2nd |
| 260 ## - PUBLICATION, DISTRIBUTION, ETC. | |
| Place of publication, distribution, etc. | New Delhi |
| Name of publisher, distributor, etc. | Taxmann Allied Services (P) Ltd. |
| Date of publication, distribution, etc. | 2014 |
| 300 ## - PHYSICAL DESCRIPTION | |
| Extent | 616p |
| Dimensions | xxxviii |
| 365 ## - TRADE PRICE | |
| Price amount | Rs. 850 |
| 505 ## - FORMATTED CONTENTS NOTE | |
| Formatted contents note | Contents;<br/>Book I The Fragrant Years From 1937- 1964 1 My Land My People;<br/>2 My Ancestors;<br/>3 Profile of my Father;<br/>4 Portrait of My Mother;<br/>5 My Birth My odyssey thus began;<br/>6 My Childhood Days The halcyon years;<br/>7 My Adolescence On swimming through the rainbow;<br/>8 The Flowering of Mind My Academic World;<br/>Book II A Cog In The Machine From 1964-1998;<br/>1 On Joining Civil Service;<br/>2 My First Innings at Patna;<br/>Part-I;<br/>3 My First Innings at Patna <br/>Part-II;<br/>4 Patna My Second Innings The Fodder Scam;<br/>5 Plight of our Public Administration Extracts from the Shah Commission of Inquiry Report;<br/>6 My years at Nagpur;<br/>7 My Phases in Calcutta now Kolkata;<br/>8 My Reflections on the Income-tax Law;<br/>9 Reflections on the Income-tax Administration;<br/>10 On my Retirement;<br/>Book III Illusion and Reality From 1998-2011;<br/>1 Understanding the Imageries at the Supreme Court of India;<br/>2 My Reflections on Krishna and the Galaxy of the Great;<br/>3 Our Constitution at work;<br/>4 Our Democratic Republic and its Great Institutions;<br/>5 The Profile of a PIL in Revenue Matters;<br/>6 Certain Stories as my ?Objective Correlatives;<br/>7 The Realm of Darkness The Triumph of Corporatocracy;<br/>8 Veenapani My wife;<br/>9 Reflections on my life?s Sonnet in this Closing Chapter. Seller Inventory |
| 650 ## - SUBJECT ADDED ENTRY--TOPICAL TERM | |
| Topical term or geographic name entry element | 1. Biographies |
| 700 ## - ADDED ENTRY--PERSONAL NAME | |
| Personal name | |
| -- | |
| 942 ## - ADDED ENTRY ELEMENTS (KOHA) | |
| Source of classification or shelving scheme | Dewey Decimal Classification |
| Koha item type | BOOKs |
| Withdrawn status | Lost status | Damaged status | Not for loan | Home library | Current library | Shelving location | Date acquired | Cost, normal purchase price | Total Checkouts | Full call number | Barcode | Date last seen | Price effective from | Koha item type |
|---|---|---|---|---|---|---|---|---|---|---|---|---|---|---|
| . | . | 30.05.2017 | 850.00 | 340.092 JHA | 31592 | 30.05.2017 | 30.05.2017 | BOOKs |